Energy demands

Uloženo v:
Podrobná bibliografie
Hlavní autor: Gardiner, Brian
Médium: Kniha
Jazyk:Undetermined
Vydáno: London Gloucester Press 1990
Témata:
Tagy: Přidat tag
Žádné tagy, Buďte první, kdo otaguje tento záznam!
Thư viện lưu trữ: Trung tâm Học liệu Trường Đại học Cần Thơ
LEADER 00463nam a2200181Ia 4500
001 CTU_109750
008 210402s9999 xx 000 0 und d
082 |a 333.79 
082 |b G221 
100 |a Gardiner, Brian 
245 0 |a Energy demands 
245 0 |c Brian Gardiner 
260 |a London 
260 |b Gloucester Press 
260 |c 1990 
650 |a Power resources 
904 |i Năm, Q. Hieu 
980 |a Trung tâm Học liệu Trường Đại học Cần Thơ